| 000 | 01115nam a2200349 i 4500 | ||
|---|---|---|---|
| 001 | 16193 | ||
| 003 | ES-MaACL | ||
| 005 | 20250818063033.0 | ||
| 007 | t| | ||
| 008 | 000707s1979 mx ||||1| spa d | ||
| 020 | _a9682304458 | ||
| 040 | _cES-MaACL | ||
| 080 | _a81'367 | ||
| 080 | _a81-116.6 | ||
| 080 | _a81'37 | ||
| 100 | 1 |
_aChomsky, Noam, _d1928- _938607 _eaut |
|
| 245 | 1 | 0 |
_aSintáctica y semántica en la gramática generativa / _cpor Noam Chomsky ; introducción, notas y apéndices por Carlos-Peregrín Otero. |
| 250 | _aPrimera edición en español. | ||
| 260 |
_aMéxico : _bSiglo XXI, _c1979. |
||
| 300 |
_a255 páginas ; _c21 cm. |
||
| 490 | 1 | _aLingüística | |
| 650 | 1 | 4 |
_aSintaxis _917128 |
| 650 | 1 | 4 |
_aGramática generativa _913156 |
| 650 | 1 | 4 |
_aSemántica _917037 |
| 650 | 1 | 4 |
_aLingüística _914463 |
| 700 | 1 |
_aPeregrin Otero, Carlos _990462 _epbl |
|
| 852 |
_aES-MaACL _jL-23390 _bR.128376 _916562 _cDEPO2 _xEncuadernación rústica |
||
| 942 |
_cMONOGRAFIA _n0 |
||
| 999 |
_c16193 _d16193 |
||